[Event "Europa tch 2011 femenino"]
[Site "Porto Carras"]
[Date "2011.11.06"]
[Round "4.11"]
[White "De Seroux, Camille"]
[Black "Erneste, Inguna"]
[Result "1-0"]
[WhiteElo "2056"]
[BlackElo "2218"]
[PlyCount "75"]
[EventDate "2011.11.03"]
[EventType "team"]
[EventRounds "9"]
[EventCountry "GRE"]
[Source "lmi"]
[SourceDate "2011.11.03"]
[WhiteTeamCountry "NED"]
[BlackTeamCountry "GRE"]

1. e4 e5 2. Nf3 Nc6 3. d4 exd4 4. Nxd4 Nf6 5. Nxc6 bxc6 6. e5 Qe7 7. Qe2 Nd5 8.
c4 Ba6 9. Nd2 Nb4 10. Nf3 c5 11. a3 Nc6 12. Bd2 h6 13. Bc3 Qe6 14. O-O-O O-O-O
15. Qe4 Bb7 16. Qc2 g6 17. Bd3 Bg7 18. Rhe1 Kb8 19. Qb3 Ne7 20. Be4 Qb6 21. Qa4
Bc6 22. Bxc6 Nxc6 23. Re3 Kc8 24. Be1 a6 25. Bc3 Rhg8 26. g4 Rde8 27. Rd5 Re6
28. Nd2 Rd8 29. Ne4 Bxe5 30. Bxe5 Rxe5 31. Rb3 Qa7 32. Rxe5 Nxe5 33. Nxc5 a5
34. Rb5 Nc6 35. Qd1 d6 36. Qd5 Ne7 37. Qxf7 c6 38. Qe6+ 1-0

[Event "Europa tch 2011 femenino"]
[Site "Porto Carras"]
[Date "2011.11.06"]
[Round "4.11"]
[White "Seps, Monika"]
[Black "Reizniece-Ozola, Dana"]
[Result "0-1"]
[WhiteElo "2198"]
[BlackElo "2281"]
[PlyCount "76"]
[EventDate "2011.11.03"]
[EventType "team"]
[EventRounds "9"]
[EventCountry "GRE"]
[Source "lmi"]
[SourceDate "2011.11.03"]
[WhiteTeamCountry "NED"]
[BlackTeamCountry "GRE"]

1. e4 c5 2. Nc3 Nc6 3. Bb5 Nd4 4. Ba4 a6 5. Bb3 e6 6. Nf3 Bd6 7. Nxd4 cxd4 8.
Ne2 Qg5 9. O-O Ne7 10. d3 Qh5 11. f4 Bc5 12. Bd2 b5 13. Rf3 f5 14. Ng3 Qg6 15.
exf5 Nxf5 16. Nxf5 Qxf5 17. Rg3 Be7 18. Qf3 Rb8 19. Rxg7 Bf6 20. Rg3 h5 21. Qe4
Qxe4 22. dxe4 Bb7 23. e5 Be7 24. f5 exf5 25. e6 dxe6 26. Bxe6 Be4 27. Re1 Rb6
28. Rg6 Rc6 29. c3 d3 30. Bxf5 Rxg6 31. Bxe4 Re6 32. Bxd3 Bc5+ 33. Kh1 Rxe1+
34. Bxe1 Kf7 35. g4 hxg4 36. Kg2 Bd6 37. Bg3 Bxg3 38. hxg3 Rd8 0-1

[Event "Europa tch 2011 femenino"]
[Site "Porto Carras"]
[Date "2011.11.06"]
[Round "4.11"]
[White "Ungure, Liga"]
[Black "Thuerig, Catherine"]
[Result "1/2-1/2"]
[WhiteElo "2066"]
[BlackElo "2049"]
[PlyCount "83"]
[EventDate "2011.11.03"]
[EventType "team"]
[EventRounds "9"]
[EventCountry "GRE"]
[Source "lmi"]
[SourceDate "2011.11.03"]
[WhiteTeamCountry "NED"]
[BlackTeamCountry "GRE"]

1. e4 c6 2. d4 d5 3. exd5 cxd5 4. Bd3 Nc6 5. c3 Qc7 6. h3 g6 7. Nf3 Bf5 8. O-O
Bxd3 9. Qxd3 Nf6 10. Nbd2 Bg7 11. Re1 e6 12. Nf1 O-O 13. N1h2 Rab8 14. Ng5 Ne4
15. Ng4 Nxg5 16. Bxg5 Rbe8 17. Nf6+ Bxf6 18. Bxf6 Qf4 19. Be5 Nxe5 20. Rxe5 Rc8
21. g3 Qf6 22. h4 h5 23. Rae1 Rc6 24. R1e3 Rb6 25. Rf3 Qg7 26. Qe2 Qh6 27. Rfe3
Rc8 28. Qc2 Rcc6 29. Re2 f6 30. R5e3 Kf7 31. Rd3 Ra6 32. a4 Rc4 33. b3 Rc7 34.
Qb2 Qf8 35. Qd2 Rb6 36. b4 Rc4 37. Qf4 Kg7 38. Qf3 Kf7 39. g4 hxg4 40. Qxg4
Rcc6 41. Rg3 Qh6 42. Ree3 1/2-1/2

[Event "Europa tch 2011 femenino"]
[Site "Porto Carras"]
[Date "2011.11.06"]
[Round "4.12"]
[White "Golubenko, Valentina"]
[Black "Mamedjarova, Zeinab"]
[Result "0-1"]
[WhiteElo "2293"]
[BlackElo "2314"]
[PlyCount "92"]
[EventDate "2011.11.03"]
[EventType "team"]
[EventRounds "9"]
[EventCountry "GRE"]
[Source "lmi"]
[SourceDate "2011.11.03"]
[WhiteTeamCountry "NED"]
[BlackTeamCountry "GRE"]

1. d4 Nf6 2. Nf3 c5 3. d5 e6 4. c4 exd5 5. cxd5 d6 6. Nc3 g6 7. Bf4 a6 8. e4
Qe7 9. Qe2 Nh5 10. Bg5 f6 11. Be3 b5 12. h3 Nd7 13. g4 Ng7 14. Bf4 Nb6 15. Bg2
Bd7 16. g5 f5 17. e5 Nh5 18. Bh2 Bg7 19. e6 Bxc3+ 20. bxc3 Bc8 21. Ne5 dxe5 22.
Qxe5 O-O 23. Qc7 Qxc7 24. Bxc7 Nc4 25. e7 Re8 26. d6 Ra7 27. O-O-O Bd7 28. Rhe1
Nf4 29. Bf1 Kg7 30. Kc2 Ne6 31. Rxe6 Bxe6 32. d7 Bxd7 33. Rxd7 Kf7 34. Bg2 Nb6
35. Rd6 Rxc7 36. Rxb6 Rcxe7 37. Bf3 Ra7 38. Rf6+ Kg7 39. h4 c4 40. h5 Rd8 41.
h6+ Kg8 42. Re6 Rad7 43. Re2 Kf8 44. Bc6 Re7 45. Rd2 Rxd2+ 46. Kxd2 f4 0-1

[Event "Europa tch 2011 femenino"]
[Site "Porto Carras"]
[Date "2011.11.06"]
[Round "4.12"]
[White "Kazimova, Narmin"]
[Black "Franciskovic, Borka"]
[Result "1/2-1/2"]
[WhiteElo "2241"]
[BlackElo "2280"]
[PlyCount "84"]
[EventDate "2011.11.03"]
[EventType "team"]
[EventRounds "9"]
[EventCountry "GRE"]
[Source "lmi"]
[SourceDate "2011.11.03"]
[WhiteTeamCountry "NED"]
[BlackTeamCountry "GRE"]

1. Nf3 Nf6 2. c4 c5 3. Nc3 Nc6 4. d4 cxd4 5. Nxd4 Qb6 6. Nb3 e6 7. g3 Ne5 8. e4
Bb4 9. Qe2 d6 10. f4 Nc6 11. Be3 Bxc3+ 12. bxc3 Qc7 13. Bg2 O-O 14. O-O b6 15.
e5 dxe5 16. fxe5 Nd7 17. Nd4 Bb7 18. Bf4 a6 19. Rad1 Na5 20. Bxb7 Qxb7 21. Qg4
Kh8 22. Nf3 Nc5 23. Qh4 Ne4 24. Ng5 Nxg5 25. Bxg5 Qc7 26. Be7 Rg8 27. Bd6 Qxc4
28. Qxc4 Nxc4 29. Rxf7 Rad8 30. Rd4 b5 31. a4 Ne3 32. axb5 axb5 33. Rb7 Nd5 34.
Rd3 Rc8 35. Rxb5 Nxc3 36. Rc5 Rxc5 37. Bxc5 Nd5 38. Ra3 h5 39. Ra6 Re8 40. Kg2
Kh7 41. Kf3 Kg6 42. Ke4 Kg5 1/2-1/2

[Event "Europa tch 2011 femenino"]
[Site "Porto Carras"]
[Date "2011.11.06"]
[Round "4.12"]
[White "Medic, Mirjana"]
[Black "Mammadova, Gulnar"]
[Result "0-1"]
[WhiteElo "2236"]
[BlackElo "2290"]
[PlyCount "72"]
[EventDate "2011.11.03"]
[EventType "team"]
[EventRounds "9"]
[EventCountry "GRE"]
[Source "lmi"]
[SourceDate "2011.11.03"]
[WhiteTeamCountry "NED"]
[BlackTeamCountry "GRE"]

1. d4 d5 2. c4 c6 3. Nf3 Nf6 4. Nc3 e6 5. e3 Nbd7 6. Qc2 Bd6 7. Bd3 O-O 8. O-O
dxc4 9. Bxc4 e5 10. Rd1 Qe7 11. h3 b5 12. dxe5 Nxe5 13. Be2 Nxf3+ 14. Bxf3 Qe5
15. Ne4 Nxe4 16. Qxe4 Qh2+ 17. Kf1 Be6 18. b3 Bd5 19. Qg4 Be6 20. Qe4 Be5 21.
Rb1 Bd5 22. Qg4 Be6 23. Qe4 Rac8 24. Ba3 c5 25. Ke2 Bc3 26. Bg4 Rce8 27. Qc6 b4
28. Bb2 Qe5 29. Bxc3 bxc3 30. Rbc1 f5 31. Bf3 c4 32. Bd5 f4 33. Qxc4 fxe3 34.
fxe3 Kh8 35. Qd4 Bxd5 36. Rxc3 Bxg2 0-1

[Event "Europa tch 2011 femenino"]
[Site "Porto Carras"]
[Date "2011.11.06"]
[Round "4.12"]
[White "Umudova, Nargiz"]
[Black "Saric, Kristina"]
[Result "1-0"]
[WhiteElo "2210"]
[BlackElo "2255"]
[PlyCount "83"]
[EventDate "2011.11.03"]
[EventType "team"]
[EventRounds "9"]
[EventCountry "GRE"]
[Source "lmi"]
[SourceDate "2011.11.03"]
[WhiteTeamCountry "NED"]
[BlackTeamCountry "GRE"]

1. e4 c5 2. Nf3 d6 3. d4 cxd4 4. Nxd4 Nf6 5. Nc3 Nc6 6. Bc4 Qb6 7. Nb3 e6 8.
O-O Be7 9. Be3 Qc7 10. f4 a6 11. a4 b6 12. Bd3 Bb7 13. Qf3 O-O 14. g4 Nd7 15.
Qh3 Nb4 16. g5 Rfe8 17. Nd4 Nc5 18. Rad1 g6 19. f5 exf5 20. exf5 Bf8 21. Rf4
Qe7 22. Bf2 Nbxd3 23. cxd3 Qxg5+ 24. Rg4 Qd8 25. Rf1 Bg7 26. fxg6 fxg6 27. Nf5
Ne6 28. Nxg7 Nxg7 29. Bd4 Rf8 30. Re1 Rf7 31. Qh6 Qd7 32. Rh4 Nh5 33. Qg5 Rf5
34. Qe3 Raf8 35. Ne4 Bxe4 36. dxe4 Rf3 37. Qe2 Qe7 38. Rxh5 Qe6 39. Rg5 h6 40.
Rg3 R3f4 41. Qg2 g5 42. Rxg5+ 1-0

[Event "Europa tch 2011 femenino"]
[Site "Porto Carras"]
[Date "2011.11.06"]
[Round "4.13"]
[White "Batkovskyte, Dominyka"]
[Black "Newrkla, Katharina"]
[Result "0-1"]
[WhiteElo "2102"]
[BlackElo "2131"]
[PlyCount "114"]
[EventDate "2011.11.03"]
[EventType "team"]
[EventRounds "9"]
[EventCountry "GRE"]
[Source "lmi"]
[SourceDate "2011.11.03"]
[WhiteTeamCountry "NED"]
[BlackTeamCountry "GRE"]

1. d4 Nf6 2. c4 g6 3. Nc3 Bg7 4. e4 d6 5. Be2 O-O 6. Nf3 e5 7. O-O Nc6 8. d5
Ne7 9. Ne1 Nd7 10. Nd3 f5 11. Bd2 Kh8 12. Qc2 Ng8 13. b4 Bh6 14. c5 Bxd2 15.
Qxd2 Ndf6 16. f3 f4 17. cxd6 cxd6 18. Rfc1 g5 19. Nf2 Rf7 20. Qc2 a6 21. a4 Rg7
22. h3 h5 23. Ncd1 g4 24. fxg4 hxg4 25. hxg4 Nh6 26. Ra3 Nhxg4 27. Rh3+ Kg8 28.
Rc3 Bd7 29. Bf3 Qe8 30. Rc7 Qh5 31. Qe2 Qh2+ 32. Kf1 Nxf2 33. Nxf2 Bxa4 34.
Rxg7+ Kxg7 35. Rc7+ Kf8 36. Qa2 Bb5+ 37. Be2 Bxe2+ 38. Qxe2 Nh5 39. Ke1 Ng3 40.
Qf3 Qg1+ 41. Kd2 Qxf2+ 42. Qxf2 Nxe4+ 43. Ke2 Nxf2 44. Kxf2 a5 45. b5 a4 46.
Rxb7 a3 47. Rh7 Kg8 48. Rh1 Rb8 49. Ra1 Rxb5 50. Rxa3 Rxd5 51. Ra7 Rd3 52. Rd7
Kf8 53. Ke2 e4 54. Rh7 d5 55. Rh4 f3+ 56. gxf3 Rxf3 57. Rh5 Rd3 0-1

[Event "Europa tch 2011 femenino"]
[Site "Porto Carras"]
[Date "2011.11.06"]
[Round "4.13"]
[White "Daulyte, Deimante"]
[Black "Moser, Eva"]
[Result "0-1"]
[WhiteElo "2238"]
[BlackElo "2448"]
[PlyCount "142"]
[EventDate "2011.11.03"]
[EventType "team"]
[EventRounds "9"]
[EventCountry "GRE"]
[Source "lmi"]
[SourceDate "2011.11.03"]
[WhiteTeamCountry "NED"]
[BlackTeamCountry "GRE"]

1. e4 g6 2. d4 Bg7 3. Nc3 d6 4. g3 Nc6 5. Be3 e5 6. d5 Nce7 7. Bg2 Nf6 8. h3 c6
9. dxc6 bxc6 10. Qd2 d5 11. exd5 cxd5 12. Bc5 Be6 13. Nge2 Rc8 14. b4 Qd7 15.
a4 O-O 16. g4 d4 17. Nb5 Bd5 18. f3 a5 19. c3 axb4 20. cxb4 Ra8 21. Qd3 Bc6 22.
O-O Rxa4 23. Na7 Rxa1 24. Rxa1 Bb7 25. Nb5 Ra8 26. Rxa8+ Bxa8 27. Nd6 Nc8 28.
Qa6 Nxd6 29. Qxa8+ Bf8 30. Nc1 Nfe8 31. f4 exf4 32. Nd3 Qe6 33. Qf3 g5 34. Bxd4
Bg7 35. Bxg7 Kxg7 36. Kh2 Nc7 37. Qc6 Ncb5 38. Qc5 h6 39. Ne5 Qa2 40. Nf3 Qe6
41. Ne5 Kf6 42. Nd3 Qe2 43. Qd5 Qe3 44. Nc5 Qg3+ 45. Kh1 Qe1+ 46. Kh2 Qxb4 47.
Ne4+ Nxe4 48. Qf5+ Kg7 49. Bxe4 Qb2+ 50. Kh1 Qc1+ 51. Kh2 Qd2+ 52. Bg2 Qe2 53.
Qd5 Nc7 54. Qd4+ Kg8 55. Qd8+ Ne8 56. Qa8 Kg7 57. Qd5 Nf6 58. Qf5 Qe1 59. Qd3
Qe5 60. Kh1 Ne8 61. Qf3 Nc7 62. Qd3 Ne6 63. Qf3 Nd4 64. Qc3 Qe3 65. Qa1 Kg8 66.
Qa8+ Kh7 67. Qf8 Kg6 68. Qg8+ Kf6 69. Qh8+ Ke7 70. Qxh6 f3 71. Bf1 Ne2 0-1

[Event "Europa tch 2011 femenino"]
[Site "Porto Carras"]
[Date "2011.11.06"]
[Round "4.13"]
[White "Kopinits, Anna-Christina"]
[Black "Zaksaite, Salomeja"]
[Result "0-1"]
[WhiteElo "2276"]
[BlackElo "2200"]
[PlyCount "80"]
[EventDate "2011.11.03"]
[EventType "team"]
[EventRounds "9"]
[EventCountry "GRE"]
[Source "lmi"]
[SourceDate "2011.11.03"]
[WhiteTeamCountry "NED"]
[BlackTeamCountry "GRE"]

1. Nf3 Nf6 2. g3 g6 3. b3 Bg7 4. Bb2 d5 5. c4 c6 6. Bg2 O-O 7. O-O Nbd7 8. d4
Ne4 9. Nc3 Qa5 10. Nxe4 dxe4 11. Nd2 f5 12. c5 b5 13. Qc2 e5 14. e3 Qc7 15. a4
Bb7 16. axb5 cxb5 17. b4 exd4 18. Bxd4 Ne5 19. Bxe5 Qxe5 20. Ra5 Qc3 21. Qa2+
Kh8 22. Rb1 a6 23. Ra3 Qe5 24. Nb3 g5 25. c6 Bxc6 26. Rxa6 Bd5 27. Qa5 Rxa6 28.
Qxa6 Bxb3 29. Rxb3 Qd5 30. Ra3 f4 31. exf4 gxf4 32. gxf4 Qd1+ 33. Bf1 Bd4 34.
Rg3 Qe1 35. Qa2 Qxb4 36. f5 Qc5 37. Rg2 e3 38. fxe3 Qxf5 39. Rf2 Bxe3 40. Qb2+
Rf6 0-1

[Event "Europa tch 2011 femenino"]
[Site "Porto Carras"]
[Date "2011.11.06"]
[Round "4.13"]
[White "Novkovic, Julia"]
[Black "Vanagaite, Giedre"]
[Result "0-1"]
[WhiteElo "2089"]
[BlackElo "1958"]
[PlyCount "50"]
[EventDate "2011.11.03"]
[EventType "team"]
[EventRounds "9"]
[EventCountry "GRE"]
[Source "lmi"]
[SourceDate "2011.11.03"]
[WhiteTeamCountry "NED"]
[BlackTeamCountry "GRE"]

1. e4 d5 2. exd5 Qxd5 3. Nc3 Qd6 4. d4 Nf6 5. Bc4 a6 6. Bb3 Nc6 7. Nge2 Bf5 8.
Bf4 Qd8 9. d5 Na5 10. Nd4 Nxb3 11. axb3 Nxd5 12. Nxf5 Nxf4 13. Qf3 e6 14. Qxb7
exf5 15. Qc6+ Ke7 16. O-O f6 17. Rad1 Qc8 18. Rfe1+ Kf7 19. Rd7+ Kg6 20. Rxc7
Qb8 21. Qc4 Qb4 22. Qf7+ Kh6 23. Rc4 Qb8 24. Re3 Qa7 25. Rh3+ Nxh3+ 0-1

[Event "Europa tch 2011 femenino"]
[Site "Porto Carras"]
[Date "2011.11.06"]
[Round "4.14"]
[White "Brunello, Marina"]
[Black "Carlsen, Ellen Oen"]
[Result "1-0"]
[WhiteElo "2221"]
[BlackElo "1931"]
[PlyCount "137"]
[EventDate "2011.11.03"]
[EventType "team"]
[EventRounds "9"]
[EventCountry "GRE"]
[Source "lmi"]
[SourceDate "2011.11.03"]
[WhiteTeamCountry "NED"]
[BlackTeamCountry "GRE"]

1. e4 c5 2. c3 d5 3. exd5 Qxd5 4. d4 Nf6 5. Nf3 Bg4 6. Be2 e6 7. h3 Bh5 8. O-O
Nc6 9. Be3 cxd4 10. cxd4 Bb4 11. a3 Ba5 12. Nc3 Qd7 13. Qb3 O-O 14. Rfd1 Qe7
15. d5 exd5 16. Nxd5 Nxd5 17. Rxd5 Bg6 18. Bb5 Bb6 19. Bxb6 axb6 20. Re1 Qf6
21. Bf1 Rfe8 22. Rxe8+ Rxe8 23. Rd7 Be4 24. Nd2 Qf5 25. Rd6 Qf4 26. Nxe4 Qxe4
27. Qxb6 Qe7 28. Rd1 g6 29. Qb3 Ne5 30. Qd5 Rc8 31. Qe4 Qc7 32. g3 Kg7 33. Bg2
Nc6 34. b4 Qb6 35. Rd7 Rd8 36. Rxd8 Qxd8 37. Qd5 Qe7 38. Qd2 Qe5 39. Kh2 Nd4
40. Bxb7 h5 41. h4 Nf5 42. Kg2 Qa1 43. Qd3 Nd4 44. b5 Qb2 45. Bc6 Ne6 46. Bd5
Nd4 47. Bc4 Nc2 48. Qe2 Qc3 49. a4 Ne1+ 50. Kf1 Nf3 51. Bd5 Qa1+ 52. Kg2 Qg1+
53. Kxf3 Qh1+ 54. Ke3 Qxd5 55. Qb2+ Kg8 56. Qd4 Qe6+ 57. Kd2 Qb3 58. Ke2 Qb1
59. b6 Kh7 60. Kd2 Qa2+ 61. Kd3 Qb3+ 62. Ke4 Qe6+ 63. Kf4 Qf5+ 64. Ke3 Qe6+ 65.
Kf3 Qc6+ 66. Ke2 Qe8+ 67. Kf1 Qc6 68. Kg1 Qa8 69. Qb4 1-0

[Event "Europa tch 2011 femenino"]
[Site "Porto Carras"]
[Date "2011.11.06"]
[Round "4.14"]
[White "Hansen, Erle Andrea Marki"]
[Black "Messina, Roberta"]
[Result "0-1"]
[WhiteElo "1762"]
[BlackElo "1964"]
[PlyCount "80"]
[EventDate "2011.11.03"]
[EventType "team"]
[EventRounds "9"]
[EventCountry "GRE"]
[Source "lmi"]
[SourceDate "2011.11.03"]
[WhiteTeamCountry "NED"]
[BlackTeamCountry "GRE"]

1. e4 c5 2. Nf3 d6 3. d4 cxd4 4. Nxd4 Nf6 5. Nc3 a6 6. Be3 e6 7. f3 b5 8. g4
Bb7 9. Qd2 Nbd7 10. O-O-O Nb6 11. Qf2 Nfd7 12. g5 Be7 13. Rg1 Rc8 14. Kb1 Rxc3
15. bxc3 d5 16. Bd3 Nc4 17. Bc1 Qa5 18. Nb3 Qc7 19. exd5 Bxd5 20. Qd4 Nde5 21.
Be4 Bxe4 22. Qxe4 O-O 23. f4 Nc6 24. Rg3 Nd6 25. Qe2 Nf5 26. Rh3 g6 27. Rdd3
Rc8 28. Qf2 Bf8 29. Bb2 Bg7 30. Nd4 Nce7 31. Nxf5 Nxf5 32. Qd2 Qb6 33. Qd1 Qc7
34. Qd2 Qb6 35. Qd1 b4 36. c4 Bxb2 37. Kxb2 Rxc4 38. Rd8+ Kg7 39. Rf3 Nd4 40.
Qd3 Qxd8 0-1

[Event "Europa tch 2011 femenino"]
[Site "Porto Carras"]
[Date "2011.11.06"]
[Round "4.14"]
[White "Reppen, Ellisiv"]
[Black "Zimina, Olga"]
[Result "0-1"]
[WhiteElo "1949"]
[BlackElo "2338"]
[PlyCount "86"]
[EventDate "2011.11.03"]
[EventType "team"]
[EventRounds "9"]
[EventCountry "GRE"]
[Source "lmi"]
[SourceDate "2011.11.03"]
[WhiteTeamCountry "NED"]
[BlackTeamCountry "GRE"]

1. e4 e5 2. Nf3 Nc6 3. Bb5 a6 4. Ba4 Nf6 5. d3 d6 6. c3 g6 7. Nbd2 Bg7 8. Nf1
O-O 9. Ng3 b5 10. Bc2 d5 11. O-O Re8 12. Qe2 a5 13. h3 Ba6 14. Nh2 dxe4 15.
Nxe4 Nxe4 16. Qxe4 Qd6 17. Be3 Rad8 18. Rad1 Bc8 19. Qh4 Ne7 20. g4 Bb7 21. f3
Nd5 22. Bc1 b4 23. Ba4 Rf8 24. c4 Nf4 25. Rfe1 Bf6 26. Qg3 Nxd3 27. Bc2 Qc5+
28. Be3 Qxc4 29. Bxd3 Rxd3 30. Rc1 Qxa2 31. Rxc7 Qd5 32. g5 Bg7 33. Rc5 Qd6 34.
Rxa5 Rc8 35. Ng4 Rd1 36. Nh6+ Bxh6 37. gxh6 Rxe1+ 38. Qxe1 Bxf3 39. Qf1 e4 40.
Bf2 e3 41. Be1 Rc2 42. Qxf3 Qh2+ 43. Kf1 e2+ 0-1

[Event "Europa tch 2011 femenino"]
[Site "Porto Carras"]
[Date "2011.11.06"]
[Round "4.14"]
[White "Sedina, Elena"]
[Black "Johnsen, Sylvia"]
[Result "1-0"]
[WhiteElo "2343"]
[BlackElo "2028"]
[PlyCount "77"]
[EventDate "2011.11.03"]
[EventType "team"]
[EventRounds "9"]
[EventCountry "GRE"]
[Source "lmi"]
[SourceDate "2011.11.03"]
[WhiteTeamCountry "NED"]
[BlackTeamCountry "GRE"]

1. e4 e5 2. Nc3 Nc6 3. Bc4 Nf6 4. d3 Bc5 5. Bg5 d6 6. Nd5 h6 7. Nxf6+ gxf6 8.
Bh4 Rg8 9. c3 Rg6 10. h3 Be6 11. Qf3 Qe7 12. Ne2 Bxc4 13. dxc4 Qe6 14. Qd3 Ne7
15. g4 O-O-O 16. f4 exf4 17. Nxf4 Qe5 18. Rf1 Rgg8 19. O-O-O Ng6 20. Nxg6 Rxg6
21. Rf5 Qe7 22. Rdf1 Re8 23. R5f4 d5 24. Bxf6 Rxf6 25. Rxf6 dxe4 26. Qd5 e3 27.
Rxf7 e2 28. Qf5+ Qe6 29. Qxe6+ Rxe6 30. Re1 Be7 31. Rf2 Bg5+ 32. Kc2 Re3 33.
Rh2 Bf4 34. Rhxe2 Rg3 35. Rh1 a6 36. c5 Be3 37. b4 Kd7 38. Rd1+ Kc6 39. Rd3 1-0

[Event "Europa tch 2011 femenino"]
[Site "Porto Carras"]
[Date "2011.11.07"]
[Round "5.1"]
[White "Dzagnidze, Nana"]
[Black "Kosintseva, Nadezhda"]
[Result "1-0"]
[WhiteElo "2516"]
[BlackElo "2546"]
[PlyCount "81"]
[EventDate "2011.11.03"]
[EventType "team"]
[EventRounds "9"]
[EventCountry "GRE"]
[Source "lmi"]
[SourceDate "2011.11.03"]
[WhiteTeamCountry "NED"]
[BlackTeamCountry "GRE"]

1. d4 Nf6 2. c4 e6 3. Nf3 d5 4. Nc3 dxc4 5. e3 a6 6. Bxc4 b5 7. Bd3 Bb7 8. Qe2
b4 9. Na4 Qd5 10. O-O Nbd7 11. b3 Bd6 12. Bb2 O-O 13. Rfd1 Rfe8 14. Rac1 h6 15.
Nc5 Bxc5 16. dxc5 Qc6 17. Qf1 e5 18. Bc4 Re7 19. e4 Qxe4 20. c6 Bxc6 21. Bd3
Qd5 22. Bh7+ Kxh7 23. Rxd5 Bxd5 24. Rxc7 Re6 25. Nh4 Rd8 26. h3 Kg8 27. Nf5 Be4
28. Ng3 Bg6 29. Qc4 Nb6 30. Qxa6 Kh7 31. Qb7 Rd1+ 32. Kh2 Rd2 33. Rxf7 Bxf7 34.
Qxf7 Red6 35. Bxe5 Rxf2 36. Qb7 Re6 37. Bd4 Rxa2 38. Bxb6 Kg6 39. Bc5 Rb2 40.
Bf8 Ne8 41. Qd7 1-0

[Event "Europa tch 2011 femenino"]
[Site "Porto Carras"]
[Date "2011.11.07"]
[Round "5.1"]
[White "Kosintseva, Tatiana"]
[Black "Javakhishvili, Lela"]
[Result "1/2-1/2"]
[WhiteElo "2526"]
[BlackElo "2475"]
[PlyCount "85"]
[EventDate "2011.11.03"]
[EventType "team"]
[EventRounds "9"]
[EventCountry "GRE"]
[Source "lmi"]
[SourceDate "2011.11.03"]
[WhiteTeamCountry "NED"]
[BlackTeamCountry "GRE"]

1. e4 c5 2. Nf3 e6 3. d4 cxd4 4. Nxd4 Nc6 5. Nc3 Qc7 6. Be3 a6 7. Qd2 Nf6 8.
O-O-O Nxd4 9. Qxd4 Ng4 10. Qb6 Qc6 11. Bd4 e5 12. Be3 Be7 13. Be2 d6 14. Kb1
Be6 15. Bxg4 Bxg4 16. Rd2 Be6 17. Nd5 Bxd5 18. Rxd5 Qxb6 19. Bxb6 Rc8 20. b3
Kd7 21. c4 Rhf8 22. Rhd1 Ke6 23. f3 f5 24. exf5+ Rxf5 25. Be3 Rc6 26. a4 h5 27.
Kc2 g5 28. h3 Rf7 29. Kd3 g4 30. Ke4 gxh3 31. gxh3 Rg7 32. Rg1 Rxg1 33. Bxg1
Rc8 34. f4 Rg8 35. Be3 Rg3 36. fxe5 Rxh3 37. Bf4 dxe5 38. Rxe5+ Kd7 39. Rd5+
Kc6 40. Re5 Kd7 41. Rd5+ Kc6 42. Re5 Kd7 43. Rd5+ 1/2-1/2

[Event "Europa tch 2011 femenino"]
[Site "Porto Carras"]
[Date "2011.11.07"]
[Round "5.1"]
[White "Pogonina, Natalija"]
[Black "Melia, Salome"]
[Result "1-0"]
[WhiteElo "2451"]
[BlackElo "2392"]
[PlyCount "69"]
[EventDate "2011.11.03"]
[EventType "team"]
[EventRounds "9"]
[EventCountry "GRE"]
[Source "lmi"]
[SourceDate "2011.11.03"]
[WhiteTeamCountry "NED"]
[BlackTeamCountry "GRE"]

1. e4 c6 2. d4 d5 3. e5 Bf5 4. Nf3 e6 5. Be2 Ne7 6. O-O Bg6 7. c3 Nf5 8. Nbd2
Be7 9. Nb3 Nd7 10. a4 O-O 11. a5 a6 12. Bf4 Rc8 13. c4 Bh5 14. Rc1 Nh4 15. Nxh4
Bxe2 16. Qxe2 Bxh4 17. Qg4 Kh8 18. Rc3 dxc4 19. Nd2 Be7 20. Rh3 Re8 21. Nxc4
Nf8 22. Rd1 Rc7 23. Nb6 Bb4 24. Rdd3 Kg8 25. Rdg3 g6 26. Bg5 Be7 27. Bh6 f5 28.
Qf4 Bc5 29. Bxf8 Rxf8 30. Rd3 Bxb6 31. axb6 Rd7 32. Rhg3 Qxb6 33. h4 Rfd8 34.
Qh6 Rg7 35. h5 1-0

[Event "Europa tch 2011 femenino"]
[Site "Porto Carras"]
[Date "2011.11.07"]
[Round "5.2"]
[White "Guichard, Pauline"]
[Black "Majdan Gajewska, Joanna"]
[Result "0-1"]
[WhiteElo "2305"]
[BlackElo "2386"]
[PlyCount "156"]
[EventDate "2011.11.03"]
[EventType "team"]
[EventRounds "9"]
[EventCountry "GRE"]
[Source "lmi"]
[SourceDate "2011.11.03"]
[WhiteTeamCountry "NED"]
[BlackTeamCountry "GRE"]

1. d4 Nf6 2. c4 c5 3. d5 d6 4. Nc3 g6 5. e4 Bg7 6. h3 O-O 7. Nf3 e6 8. Bd3 Na6
9. O-O e5 10. a3 Nh5 11. Re1 Nf4 12. Bxf4 exf4 13. Qd2 f5 14. exf5 Bxf5 15.
Bxf5 Rxf5 16. Re4 Nc7 17. Rae1 a6 18. b4 b6 19. bxc5 bxc5 20. Na4 Rb8 21. Qa5
Rf7 22. h4 h6 23. Qd2 g5 24. hxg5 hxg5 25. Nxc5 dxc5 26. d6 Na8 27. Re8+ Qxe8
28. Rxe8+ Rxe8 29. Nxg5 Bd4 30. Nxf7 Kxf7 31. Qxf4+ Ke6 32. g4 Rd8 33. g5 Nb6
34. g6 Rd7 35. Qf8 Rg7 36. Kf1 Nxc4 37. Qc8+ Kxd6 38. Qxa6+ Kd5 39. f4 Nd6 40.
Qa8+ Ke6 41. Qc6 Rxg6 42. a4 Rf6 43. Qf3 Be5 44. Qg4+ Kd5 45. Qf3+ Ke6 46. Qg4+
Rf5 47. a5 Kd7 48. Ke2 Bxf4 49. a6 Kc7 50. Qg2 Kb6 51. Qa8 Rf7 52. Kd1 Ra7 53.
Qf8 Nf7 54. Qe8 Bd6 55. Qa4 Ne5 56. Qb3+ Kc7 57. Qa2 Nc6 58. Qf7+ Kb6 59. Qb3+
Kc7 60. Qb5 Nb4 61. Qa5+ Kc6 62. Qd8 Rxa6 63. Qc8+ Kb5 64. Qb7+ Ka5 65. Kd2 Nc6
66. Kc3 Rb6 67. Qa8+ Kb5 68. Qe8 Be5+ 69. Kd2 c4 70. Qd7 Kb4 71. Qd5 Ra6 72.
Kd1 Bd4 73. Kc2 Bc5 74. Qd2+ Kb5 75. Kb1 Ra7 76. Qb2+ Nb4 77. Qe2 Re7 78. Qf3
Re1+ 0-1

[Event "Europa tch 2011 femenino"]
[Site "Porto Carras"]
[Date "2011.11.07"]
[Round "5.2"]
[White "Milliet, Sophie"]
[Black "Socko, Monika"]
[Result "1/2-1/2"]
[WhiteElo "2386"]
[BlackElo "2479"]
[PlyCount "110"]
[EventDate "2011.11.03"]
[EventType "team"]
[EventRounds "9"]
[EventCountry "GRE"]
[Source "lmi"]
[SourceDate "2011.11.03"]
[WhiteTeamCountry "NED"]
[BlackTeamCountry "GRE"]

1. e4 c5 2. Nf3 Nc6 3. c3 e6 4. d4 d5 5. exd5 Qxd5 6. Na3 Bd7 7. Be3 cxd4 8.
Nb5 Rc8 9. Nfxd4 a6 10. Nxc6 Bxc6 11. Na7 Rd8 12. Nxc6 Qxc6 13. Qg4 Nf6 14. Qc4
Qd7 15. Be2 Nd5 16. Rd1 Nxe3 17. Rxd7 Nxc4 18. Rxd8+ Kxd8 19. Bxc4 Bd6 20. Ke2
Ke7 21. Bd3 f5 22. b4 Rc8 23. Rc1 Kf6 24. a3 Be5 25. c4 Bb2 26. Rb1 Bxa3 27.
Kd2 b5 28. Kc3 bxc4 29. Bxc4 Rc6 30. g3 g5 31. Kd3 Rd6+ 32. Kc3 Rc6 33. Kd3 Rb6
34. Ra1 Bxb4 35. Rxa6 Rxa6 36. Bxa6 g4 37. Ke2 e5 38. Kf1 Bc5 39. Kg2 h5 40.
Bb7 Kg5 41. Bc8 Bb6 42. Bd7 e4 43. Bc8 Bc7 44. Bd7 Bb6 45. Bc8 h4 46. gxh4+ Kf4
47. h5 Bd4 48. h6 Kg5 49. h7 f4 50. Bb7 f3+ 51. Kf1 Kf4 52. Bc6 Bc3 53. Bb7 Bd4
54. Bc6 Bc3 55. Bb7 Bd4 1/2-1/2